Normal view
MARC view
Entry Topical Term
001 - CONTROL NUMBER
- control field: 18135
003 - CONTROL NUMBER IDENTIFIER
- control field: BD-RjUL
005 - DATE AND TIME OF LATEST TRANSACTION
- control field: 20260415104842.0
008 - FIXED-LENGTH DATA ELEMENTS
- fixed length control field: 260415|| aca||aabn | a|a d
040 ## - CATALOGING SOURCE
- Original cataloging agency: BD-RjUL
- Transcribing agency: BD-RjUL
150 ## - HEADING--TOPICAL TERM
- Topical term or geographic name entry element: Typhoid Fever
- General subdivision: diagnosis, and treatment
670 ## - SOURCE DATA FOUND
- Source citation: Work cat.: (BD-RjUL)86364: Sharmin, Rezowana 18134, Comparative Study for Rapid Diagnosis of Typhoid Fever by Blood Culture, Agglutination Test and Nested PCR of Blood and Urine Targeting the Flagelline Gene (fli C) /, 2024